| 000 | 00744nam a2200229 a 4500 | ||
|---|---|---|---|
| 008 | 120416s1976 ||||||||||||||||| || u | ||
| 020 | _a0333191498 | ||
| 050 | _aHD 58.7 Cha | ||
| 100 | _aEvers, Sheila M | ||
| 245 | 1 | 0 | _aBehaviour |
| 246 | _aa guide for Managers | ||
| 260 |
_aLondon _bMacmillan _c1976 |
||
| 300 | _aix, 153p. : ill | ||
| 350 | _a0.00 | ||
| 500 | _aIncludes index. -Bibliography: p. [144]-145. | ||
| 650 | 0 | _aMANAGEMENT | |
| 650 | _aORGANIZATIONAL BEHAVIOUR | ||
| 650 | _aTEAMS IN THE WORKPLACE | ||
| 700 | _aFenner, Edward C | ||
| 700 | _aCharron, C. G | ||
| 995 |
_D0.00 _FCBU-MAIN LIBRARY (Kitwe) _H1 _I2.95 _M1 _UAVAILABLE _ZMain Library Open Access Collection |
||
| 999 |
_c35704 _d35704 |
||